| 000 | 01473nam a2200349 a 4500 | ||
|---|---|---|---|
| 001 | BRCA_3340 | ||
| 005 | 20190320204231.0 | ||
| 008 | 250309s1885----enk#---###---#000-0#eng-# | ||
| 041 | _aeng | ||
| 044 | _aenk | ||
| 084 |
_a634 _b.R68 _c1885 |
||
| 100 | 1 |
_aCervantes Saavedra, Miguel de _d1547-1616 _9213 |
|
| 245 | 1 | 0 |
_aEl Ingenioso Hidalgo Don Quixote de la Mancha _cComposed by Miguel de Cervantes Saavedra; Translated by Charles Jarvis. |
| 260 |
_aLondres : Glasgow : Nueva York _bGeorge Routledge and Sons _c1885 |
||
| 300 |
_a1 v. en 2 tomos _c20 cm. |
||
| 440 | 0 |
_aExcelsior Series _98824 |
|
| 500 | _aContenido : Primera parte. Introducción de H. Morley. Versos preliminares. Prólogo de Cervantes. Segunda parte. Prólogo de Cervantes | ||
| 500 | _aEdición : With an Introduction by Henry Morley | ||
| 500 | _aEjemplar igual al anterior [633]. Tela Lúdovik Osterc | ||
| 500 | _aEstado físico : Le falta la lámina que precede a la portada | ||
| 500 | _aQMB122 | ||
| 546 | _aTexto en : inglés | ||
| 650 | 1 | 4 |
_aNovela española _yÉpoca clásica, 1500-1700 _9215 |
| 650 | 1 | 4 |
_aLiteratura española _yÉpoca clásica, 1500-1700 _9216 |
| 650 | 1 | 4 |
_aNovela española _ySiglo XVII _9217 |
| 650 | 1 | 4 |
_aDon Quijote (Personaje ficticio) _eNovela _9218 |
| 700 | 1 |
_aJarvis, Charles _d?-1739 _eTraductor _98825 |
|
| 700 | 1 |
_aMorley, Henry _d1822-1894 _eEditor _98826 |
|
| 740 | 0 | _aEl Ingenioso Hidalgo Don Quijote de la Mancha | |
| 902 | _aQFM | ||
| 942 |
_2lcc _cB |
||
| 999 |
_c3076 _d3076 |
||